Metodické otázky vyjadrovania produkčnej schopnosti lesov

Bibliographic Details
Main Author: Linderová, Rastislava (Author)
Format: Article
Language:Slovak
Subjects:

MARC

LEADER 00000nab a2200000 a 4500
001 vtls000286529
003 SK-MaSNL
005 20260302220354.0
008 111202c1986 xo 0 slo
015 |a SNBRA19rr/mm-uuuuu 
035 |a CL0296647 
040 |a SNKBUCL  |b slo  |c SNKBUCL  |e AACR2 
041 0 |a slo 
044 |a xo  |c SK 
080 |a 630 85  |2 1981 
100 1 |a Linderová, Rastislava  |4 aut  |9 280301 
245 1 0 |a Metodické otázky vyjadrovania produkčnej schopnosti lesov  |c Rastislava Linderová 
300 |b Tb. 2., lit. 9 zázn. v slov., češ., ruš. 
650 0 7 |a lesy  |2 snkbucl  |9 1437 
650 0 7 |a drevo  |2 snkbucl  |9 3560 
655 7 |a články zo zborníkov  |2 snkbucl  |9 166140 
773 0 |t Nové poznatky v ekonomike a riadení lesného hospodárstva  |d Bratislava : Príroda, 1986  |g S. 90-105 
850 |a Slovenská národná knižnica v Martine  |a MTA001 
852 |a SNK  |b KIS3GCP 
958 |a RK 
992 |a RZB 
999 |c 1506721  |d 1508651